Spôsob eliminácie ochratoxínu A a fumonizínu B1 a B2 z piva

Bibliographic Details
Corporate Author: Výskumný ústav potravinársky (Bratislava, Slovensko) (Patent holder)
Other Authors: Belajová, Elena (Originator), Daško, Ľubomír (Originator), Rauová, Drahomíra (Originator)
Format: Book
Language:Slovak
PhysicalDescription:5 s. obr. 30 cm
Published: [Banská Bystrica] Úrad priemyselného vlastníctva SR [2010]
Subjects:

MARC

LEADER 00000cam a2200000 a 4500
001 vtls010123335
003 SK-MaSNL
005 20260331205553.0
008 251120s2010 xo a j f000 0 slo
013 |a 287345  |b SK  |c patent  |d 20100707  |e dátum nadobudnutia účinkov patentu (Vestník ÚPV SR č.: 7/2010)  |d 20100625  |e dátum sprístupnenia patentu 
013 |a 5105-2005  |e číslo prihlášky  |d 20051220  |e dátum podania prihlášky  |d 20070706  |e dátum zverejnenia prihlášky (Vestník ÚPV SR č.: 7/2010) 
015 |a SNBN2013 
040 |a SNK  |b slo  |c SNK  |e AACR2 
041 0 |a slo 
044 |a xo  |c SK 
072 7 |a 663  |x Priemysel nápojov. Kvasný priemysel. Priemysel pochutín  |2 konspekt 
080 |a 663.4  |2 2001 
084 |a C12H 1/00  |2 IPC 
084 |a B01D 15/08  |2 IPC 
084 |a C12C 11/00  |2 IPC 
084 |a C12N 1/14  |2 IPC 
100 1 |a Belajová, Elena  |4 org  |9 542246 
245 1 0 |a Spôsob eliminácie ochratoxínu A a fumonizínu B1 a B2 z piva  |c Elena Belajová, Ľubomír Daško, Drahomíra Rauová ; patent. zást. Edita Litváková 
260 |a [Banská Bystrica]  |b Úrad priemyselného vlastníctva SR  |c [2010] 
300 |a 5 s.  |b obr.  |c 30 cm 
650 0 7 |a pivo  |2 SNKPH  |9 16211 
650 0 7 |a pivovarníctvo  |2 SNKPH  |9 17083 
650 0 7 |a Beer  |2 SNKPHeng  |9 331030 
650 0 7 |a Beer industry  |2 SNKPHeng  |9 333712 
655 7 |a patenty  |2 SNKPH  |9 177343 
655 7 |a patent licenses  |2 SNKPHeng  |9 303430 
700 1 |a Daško, Ľubomír  |4 org  |9 542247 
700 1 |a Rauová, Drahomíra  |4 org  |9 542248 
700 1 |a Litváková, Edita  |4 oth  |9 323120 
710 2 |a Výskumný ústav potravinársky (Bratislava, Slovensko)  |4 pth  |9 33956 
852 |a Štátna vedecká knižnica v Banskej Bystrici 
999 |c 834054  |d 835984 
952 |a SNK  |b SNK  |y PREZ  |7 0  |p 17A1068901  |o snkSK 287345  |i snk2013/11633  |8 0  |0 0  |1 0  |4 0  |d 2013-05-22  |l 0  |r 2026-02-24 03:48:38  |w 2026-02-24